000 00843nam a2200289Ia 4500
003 OSt
005 20221006154050.0
006 a|||||r|||| 00| 0
007 ta
008 221006b |||||||| |||| 00| 0 eng d
020 _a9780691029658
_c2430.00
024 _a34,309
037 _cTextual
040 _aEASL
_cEASL
_beng
041 _2eng
_aeng
082 _aQ40aL9F:34.42, N2
100 _aLafleur William R
_917876
245 0 _aLiquid life
_b Abortion and buddhism in Japan
260 _aNew Jersey
_bPrinceton University Press
_c1992
300 _a257p
_ccm.
490 _v JEL
650 _a Abortion - Japan
_9666488
650 _a JEL
650 _aAbortion - Religious aspects - Buddhism - Japan
_9666489
942 _hQ40aL9F:34.42, N2
_cTEXL
_2CC
999 _c1102395
_d1102395